000 00461nam a2200181Ia 4500
008 240925s9999 xx 000 0 und d
020 _a8120324250
082 _a658.049 CHE
100 _aCherunilam, Francis
245 0 _aInternational Business: text and cases
250 _aNA
260 _aNew Delhi:
_bPHI Learning
_c,2004.
300 _a290p.
_b0
_fOriginal
500 _aIncludes Index
600 _aManagement
650 _aManagement
942 _cBK
999 _c17790
_d17790